Statistics for Countries With German as an Official Language

Click here to take the quiz!

General Stats

  • This quiz has been taken 37 times
  • The average score is 7 of 8

Answer Stats

CountryStatus% Correct
GermanyOfficial
100%
SwitzerlandOfficial
94%
AustriaOfficial
91%
BelgiumOfficial
91%
LiechtensteinOfficial
89%
LuxembourgOfficial
86%
Poland (Opole; Silesia)Regional
83%
Italy (South Tyrol)Regional
60%

Score Distribution

Percentile by Number Answered

Percent of People with Each Score

Your Score History

You have not taken this quiz